[Event "Warsaw Szansa rapid op"]
[Site "Warsaw"]
[Date "2023.09.17"]
[Round "9"]
[White "Kucharska, Honorata"]
[Black "Lee, Hyo"]
[Result "1-0"]
[WhiteElo "2197"]
[BlackElo "1905"]
[PlyCount "61"]
[EventDate "2023.09.17"]
[EventType "swiss (rapid)"]
[EventRounds "9"]
[EventCountry "POL"]
[SourceTitle "EXT 2024"]
[Source "ChessBase"]
[SourceDate "2023.10.10"]
[SourceVersion "1"]
[SourceVersionDate "2023.10.10"]
[SourceQuality "1"]

1. e4 Nf6 2. e5 Ng8 3. Nf3 d6 4. exd6 cxd6 5. d4 Nf6 6. Be2 g6 7. 0-0 Bg7 8. c4 0-0 9. Nc3 Nc6 10. d5 Nb8 11. h3 Na6 12. Be3 Bf5 13. Bd4 Nc5 14. b4 Nce4 15. Nxe4 Bxe4 16. Rc1 b6 17. Bd3 Bxf3 18. Qxf3 Nd7 19. Bxg7 Kxg7 20. Qe3 Rc8 21. Rfe1 Re8 22. Qd4+ Kg8 23. h4 Nf6 24. Re3 Qd7 25. Rce1 Ng4 26. Rg3 Nf6 27. Be2 e5 28. dxe6 Qxe6 29. Re3 Qf5 30. Bd3 Rxe3 31. Rxe3 1-0

[Event "Warsaw Szansa rapid op"]
[Site "Warsaw"]
[Date "2023.09.17"]
[Round "7"]
[White "Lee, Hyo"]
[Black "Padalka, Artem"]
[Result "0-1"]
[WhiteElo "1905"]
[BlackElo "2181"]
[PlyCount "136"]
[EventDate "2023.09.17"]
[EventType "swiss (rapid)"]
[EventRounds "9"]
[EventCountry "POL"]
[SourceTitle "EXT 2024"]
[Source "ChessBase"]
[SourceDate "2023.10.10"]
[SourceVersion "1"]
[SourceVersionDate "2023.10.10"]
[SourceQuality "1"]

1. Nf3 Nf6 2. b3 g6 3. g3 Bg7 4. Bb2 d6 5. Bg2 e5 6. c4 0-0 7. Nc3 c5 8. 0-0 Nc6 9. e3 Bg4 10. h3 Bf5 11. d4 Qc8 12. Kh2 cxd4 13. exd4 e4 14. Nd2 Re8 15. Nb5 Qd7 16. Re1 d5 17. cxd5 Nb4 18. Bf1 Nfxd5 19. Na3 Nd3 20. Bxd3 exd3 21. g4 Rxe1 22. Qxe1 Re8 23. Qf1 Qd6+ 24. Kg1 Qf4 25. Re1 Be6 26. Qxd3 h5 27. Bc1 hxg4 28. Ne4 Qf5 29. hxg4 Qxg4+ 30. Qg3 Qxg3+ 31. Nxg3 Bxd4 32. Nb5 Bb6 33. Bg5 Rc8 34. Re2 Kg7 35. Nd6 Rc7 36. Ne8+ Kf8 37. Nxc7 Bxc7 38. Rc2 Bb6 39. Kg2 Nb4 40. Rd2 Bd5+ 41. f3 Bc6 42. Ne4 Nd5 43. a3 Kg7 44. b4 a6 45. Nd6 f6 46. Bh4 Ne3+ 47. Kg1 Nc4+ 48. Bf2 Bxf2+ 49. Rxf2 Nxd6 50. Kg2 Nb5 51. a4 Nd4 52. Kg3 Nxf3 53. b5 axb5 54. axb5 Be4 55. b6 Ne5 56. Rd2 Bc6 57. Kf4 Kf7 58. Rh2 Ke6 59. Rh8 g5+ 60. Kg3 f5 61. Rh6+ Kd5 62. Rf6 f4+ 63. Kg2 Ke4 64. Kg1 g4 65. Kf2 g3+ 66. Ke1 f3 67. Kf1 Bb5+ 68. Ke1 f2+ 0-1

[Event "Warsaw Najdorf Memorial op-A"]
[Site "Warsaw"]
[Date "2022.07.16"]
[Round "8"]
[White "Lee, Hyo"]
[Black "Kaczmarska, Joanna"]
[Result "1/2-1/2"]
[WhiteElo "1818"]
[BlackElo "1965"]
[PlyCount "98"]
[EventDate "2022.07.09"]
[EventType "swiss"]
[EventRounds "9"]
[EventCountry "POL"]
[SourceTitle "CBM 209 Extra"]
[Source "ChessBase"]
[SourceDate "2022.09.30"]
[SourceVersion "1"]
[SourceVersionDate "2022.09.30"]
[SourceQuality "1"]

1. e4 e5 2. Nf3 Nc6 3. Bc4 Bc5 4. c3 Nf6 5. d4 exd4 6. e5 d5 7. Bb5 Ne4 8. cxd4 Bb4+ 9. Bd2 Bxd2+ 10. Nbxd2 0-0 11. 0-0 Ne7 12. Bd3 Bf5 13. Qc2 Nc6 14. a3 Nxd2 15. Qxd2 Be4 16. Bxe4 dxe4 17. Ng5 Nxe5 18. Nxe4 Nc4 19. Qc3 Qd5 20. b3 Nd6 21. Nxd6 Qxd6 22. b4 Rfd8 23. Rad1 c6 24. Rfe1 Rd7 25. h3 Qd5 26. Qc5 Rad8 27. Qxa7 Rd6 28. Qxb7 Rg6 29. g3 Qf3 30. Qc7 Rf8 31. Ra1 f5 32. Re3 Qh5 33. Kg2 f4 34. Re5 Rxg3+ 35. fxg3 Qg6 36. Ra2 Qxg3+ 37. Kf1 Qd3+ 38. Kf2 Qxd4+ 39. Ke1 Qg1+ 40. Kd2 f3 41. Kc3 Qc1+ 42. Rc2 Qxa3+ 43. Kc4 Rf4+ 44. Kc5 Qxb4+ 45. Kxc6 Qa4+ 46. Kd6 Qd4+ 47. Kc6 Qa4+ 48. Kd6 Qd4+ 49. Kc6 Qa4+ 1/2-1/2

[Event "Warsaw Najdorf Memorial op-A"]
[Site "Warsaw"]
[Date "2022.07.15"]
[Round "7"]
[White "Kulpa, Zuzanna"]
[Black "Lee, Hyo"]
[Result "0-1"]
[WhiteElo "1985"]
[BlackElo "1818"]
[PlyCount "96"]
[EventDate "2022.07.09"]
[EventType "swiss"]
[EventRounds "9"]
[EventCountry "POL"]
[SourceTitle "CBM 209 Extra"]
[Source "ChessBase"]
[SourceDate "2022.09.30"]
[SourceVersion "1"]
[SourceVersionDate "2022.09.30"]
[SourceQuality "1"]

1. d4 Nf6 2. c4 g6 3. Nc3 Bg7 4. e4 d6 5. f3 0-0 6. Bg5 c5 7. d5 e6 8. Qd2 exd5 9. cxd5 a6 10. a4 h6 11. Be3 Re8 12. Nge2 Nbd7 13. Nc1 Nxe4 14. Nxe4 Qe7 15. Kf2 f5 16. Bd3 fxe4 17. Bxe4 Ne5 18. Qc2 Ng4+ 19. fxg4 Qxe4 20. Qxe4 Rxe4 21. h3 Bxb2 22. Rb1 Bd4 23. Bxd4 Rxd4 24. Ne2 Rxa4 25. Rb6 Bd7 26. Rxd6 Be8 27. Rc1 Rc8 28. Rb6 Rc7 29. Kg1 Re7 30. Ng3 Rb4 31. Rd6 Rd7 32. Rxd7 Bxd7 33. Rxc5 Kf7 34. Rc2 a5 35. Ne2 a4 36. Ra2 b5 37. Kf2 Rb3 38. d6 a3 39. Ke1 Be6 40. Kd2 Rxh3 41. Rc2 Rh4 42. Rc7+ Kf6 43. Nd4 a2 44. Ra7 Rxg4 45. Nxb5 Rxg2+ 46. Kc3 Rg1 47. d7 Bxd7 48. Ra6+ Kg7 0-1